[Event "Forquilhinha op"]
[Site "Forquilhinha"]
[Date "2013.10.11"]
[Round "3"]
[White "Rapouso, Ricardo Luis Borba"]
[Black "Goulart Librelato, Kathie"]
[Result "1/2-1/2"]
[WhiteElo "1932"]
[BlackElo "1817"]
[PlyCount "89"]
[EventDate "2013.10.10"]
[EventType "swiss"]
[EventRounds "7"]
[EventCountry "BRA"]
[SourceTitle "EXT 2014"]
[Source "ChessBase"]
[SourceDate "2013.11.20"]
[SourceVersion "1"]
[SourceVersionDate "2013.11.20"]
[SourceQuality "1"]

1. d4 Nf6 2. c4 g6 3. Nc3 Bg7 4. e4 d6 5. Be2 0-0 6. Bg5 h6 7. Be3 e5 8. d5 c6 9. g4 cxd5 10. cxd5 a6 11. a4 Qa5 12. f3 Nbd7 13. Rb1 Qb4 14. Bd2 Nc5 15. Nb5 Qb3 16. Qxb3 Nxb3 17. Nxd6 Nxd2 18. Kxd2 Rd8 19. Nc4 Ne8 20. Nb6 Rb8 21. Rc1 Bd7 22. Bd3 h5 23. g5 Bf8 24. Ne2 Bb4+ 25. Nc3 Nd6 26. Ke2 Ba5 27. Nxd7 Rxd7 28. Na2 Rc7 29. b4 Rxc1 30. Rxc1 Bb6 31. b5 a5 32. Bb1 Kf8 33. Kd3 h4 34. Rc2 Rc8 35. Rxc8+ Nxc8 36. Nc1 Bd8 37. Nb3 b6 38. Nd2 Bxg5 39. Nc4 f6 40. h3 Bh6 41. Ba2 Ke7 42. Bb3 Kd7 43. Bd1 Kc7 44. Be2 Bf4 45. Bd1 1/2-1/2